[Event "Gibraltar Challengers A 2020"]
[Site "Caleta"]
[Date "2020.01.24"]
[Round "5.33"]
[White "Nergard, Ole-Kristian"]
[Black "Kunnavakkam, Sudarshanagopal Vin"]
[Result "0-1"]
[WhiteElo "1667"]
[BlackElo "1786"]
[Annotator "NA RC"]
[PlyCount "82"]
[EventDate "2020.01.20"]
[EventType "swiss"]
[EventCountry "GGB"]
[SourceTitle "playchess.com"]
[Source "ChessBase"]
[SourceQuality "1"]
[TimeControl "6600+10"]

1. e4 {[%emt 0:52:22]} c5 {[%emt 0:01:08]} 2. Nf3 {[%emt 0:00:10]} e6 {[%emt 0:00:04]} 3. c3 {[%emt 0:01:54]} Nf6 {[%emt 0:00:05]} 4. Bd3 {[%emt 0:00:08]} Nc6 {[%emt 0:00:27]} 5. O-O {[%emt 0:00:35]} d6 {[%emt 0:01:16]} 6. Bc2 {[%emt 0:00:29]} Be7 {[%emt 0:01:06]} 7. d4 {[%emt 0:00:22]} cxd4 {[%emt 0:03:38]} 8. cxd4 {[%emt 0:00:07]} O-O {[%emt 0:00:05]} 9. Nc3 {[%emt 0:00:45]} d5 {[%emt 0:01:04]} 10. e5 {[%emt 0:00:18]} Nd7 {[%emt 0:00:05]} 11. Re1 {[%emt 0:04:07]} f6 {[%emt 0:00:46]} 12. exf6 {[%emt 0:00:52]} Nxf6 {[%emt 0:00:05]} 13. Ng5 {[%emt 0:01:58]} Qb6 {[%emt 0:04:13]} 14. Nxe6 {[%emt 0:07:26]} Bxe6 {[%emt 0:00:28]} 15. Rxe6 {[%emt 0:00:04]} Qxd4 {[%emt 0:00:53]} 16. Be3 {[%emt 0:21:13]} Qxd1+ {[%emt 0:03:07]} 17. Rxd1 {[%emt 0:00:03]} Rad8 {[%emt 0:02:07]} 18. Bb3 {[%emt 0:03:04]} Kf7 {[%emt 0:06:19]} 19. Nxd5 {[%emt 0:20:09]} Kxe6 {[%emt 0:01:12]} 20. Nc7+ {[%emt 0:00:48]} Kf5 {[%emt 0:01:38]} 21. Bc2+ {[%emt 0:01:03]} Kg4 {[%emt 0:00:19]} 22. h3+ {[%emt 0:03:16]} Kh5 {[%emt 0:00:53]} 23. g4+ {[%emt 0:00:18]} Kh4 {[%emt 0:01:13]} 24. Kg2 {[%emt 0:01:37]} Rxd1 {[%emt 0:06:57]} 25. Bxd1 {[%emt 0:00:06]} Ne4 {[%emt 0:05:53]} 26. f3 {[%emt 0:04:31]} Bg5 {[%emt 0:04:47]} 27. Bg1 {[%emt 0:01:18]} Bf4 {[%emt 0:17:21]} 28. Ne6 {[%emt 0:01:00]} Rf6 {[%emt 0:00:38]} 29. Nxf4 {[%emt 0:02:55]} Rxf4 {[%emt 0:00:18]} 30. Bh2 {[%emt 0:00:30]} Rf7 {[%emt 0:00:59]} 31. fxe4 {[%emt 0:02:41]} Rd7 {[%emt 0:00:30]} 32. Bg3+ {[%emt 0:00:31]} Kg5 {[%emt 0:00:08]} 33. h4+ {[%emt 0:01:27]} Kg6 {[%emt 0:01:32]} 34. Bb3 {[%emt 0:00:32]} Rd2+ {[%emt 0:01:14]} 35. Kf3 {[%emt 0:00:05]} Nd4+ {[%emt 0:01:08]} 36. Kf4 {[%emt 0:00:54]} Nxb3 {[%emt 0:00:49]} 37. axb3 {[%emt 0:00:05]} Kf7 {[%emt 0:02:07]} 38. Kf5 {[%emt 0:00:37]} Rxb2 {[%emt 0:00:33]} 39. e5 {[%emt 0:00:22]} Rxb3 {[%emt 0:00:44]} 40. e6+ {[%emt 0:00:28]} Ke7 {[%emt 0:00:22]} 41. Be5 {[%emt 0:00:05]} Rb5 {[%emt 0:00:43]} 0-1

[Event "Gibraltar Challengers A 2020"]
[Site "Caleta"]
[Date "2020.01.24"]
[Round "5.34"]
[White "Tkadlecek, Petr"]
[Black "Brown, David"]
[Result "1/2-1/2"]
[WhiteElo "1775"]
[BlackElo "1916"]
[Annotator "NA RC"]
[PlyCount "20"]
[EventDate "2020.01.20"]
[EventType "swiss"]
[EventCountry "GGB"]
[SourceTitle "playchess.com"]
[Source "ChessBase"]
[SourceQuality "1"]
[TimeControl "6600+10"]

1. d4 {[%emt 0:00:00]} Nf6 {[%emt 0:00:00]} 2. Nf3 {[%emt 0:00:00]} d5 {[%emt 0:00:23]} 3. Bf4 {[%emt 0:00:06]} c6 {[%emt 0:00:53]} 4. e3 {[%emt 0:00:11]} Bf5 {[%emt 0:00:20]} 5. Be2 {[%emt 0:00:14]} Nbd7 {[%emt 0:00:45]} 6. c3 $11 {[%emt 0:00:11]} h6 {[%emt 0:01:06]} 7. h3 {[%emt 0:00:35]} e6 {[%emt 0:00:10]} 8. O-O {[%emt 0:00:18]} Be7 {[%emt 0:00:52]} 9. Bd3 {[%emt 0:01:12]} Bxd3 {[%emt 0:00:58]} 10. Qxd3 {[%emt 0:00:06]} Bf8 {[%emt 0:06:34]} 1/2-1/2